00419nam a2200121Ia 4500008004100000024004400041082001700085100004800102245005900150260002500209600002500234650003800259250506s9999 xx 000 0 und d a15B-021-SE, 15B-116-SE & 15B-026-SE a005.3192 KAS aKashaf Aijaz, Muhammad Akmal & Hafsa Akhlaq 0aStrategic Information System for Resturant (CODE BOOK) aKarachi:bUIT,c2005 aSoftware Engineering aBachelor of Computer Science (BS)